Peter Finch Filmography - Statistics

General Stats
  • This quiz has been taken 6 times
    5 since last reset
  • The average score is 27 of 118
Answer Stats
Type Year Name % Correct
Film 1946 A Son Is Born
100%
Film 1976 Network
100%
Film 1971 Sunday Bloody Sunday
100%
Film 1959 The Nun's Story
100%
Film 1966 10:30 P.M. Summer
50%
Film 1956 A Town Like Alice
50%
Film 1973 Bequest to the Nation
50%
Theater 1950 Captain Carvallo
50%
TV Film 1951 Captain Carvallo
50%
Film 1938 Dad and Dave Come to Town
50%
Film 1954 Elephant Walk
50%
Film 1973 England Made Me
50%
Film 1949 Eureka Stockade
50%
Film 1967 Far from the Madding Crowd
50%
Film 1954 Father Brown
50%
Film 1964 Girl with Green Eyes
50%
Film 1963 In the Cool of the Day
50%
Film 1962 I Thank a Fool
50%
Film 1955 Josephine and Men
50%
Film 1966 Judith
50%
Film 1960 Kidnapped
50%
Film 1973 Lost Horizon
50%
Film 1955 Make Me an Offer
50%
Film 1939 Mr. Chedworth Steps Out
50%
Film 1961 No Love for Johnnie
50%
Film 1959 Operation Amsterdam
50%
Film 1955 Passage Home
50%
TV Film 1977 Raid on Entebbe
50%
Film 1944 Red Sky at Morning
50%
Film 1957 Robbery Under Arms
50%
Film 1955 Simon and Laura
50%
Film 1972 Something to Hide
50%
Film 1974 The Abdication
50%
Film 1956 The Battle of the River Plate
50%
Film 1955 The Dark Avenger
50%
Film 1965 The Flight of the Phoenix
50%
Film 1953 The Heart of the Matter
50%
Film 1968 The Legend of Lylah Clare
50%
Film 1950 The Miniver Story
50%
Film 1941 The Power and the Glory
50%
Film 1964 The Pumpkin Eater
50%
Film 1944 The Rats of Tobruk
50%
Film 1969 The Red Tent
50%
Film 1957 The Shiralee
50%
Film 1961 The Sins of Rachel Cade
50%
Film 1953 The Story of Gilbert and Sullivan
50%
Film 1952 The Story of Robin Hood and His Merrie Men
50%
Film 1960 The Trials of Oscar Wilde
50%
Film 1950 The Wooden Horse
50%
Theater 1948 Anatole's Wedding Morning
0%
Short Film 1942 Another Threshold
0%
Theater 1935 Bert le Blanc
0%
Radio Play 1946 Big Sister
0%
Theater 1933 Caprice
0%
Film 1967 Come Spy with Me
0%
Theater 1934 Counsellor at Law
0%
Radio Play 1946 Crossroads of Life
0%
Theater 1949 Daphne Laureola
0%
Theater 1946 Diamond Cuts Diamond
0%
TV Show 1974 Dinah!
0%
Theater 1936 Fair and Warmer
0%
Theater 1935 False Colours
0%
Film 1964 First Men in the Moon
0%
Theater 1945, 1947 French Without Tears
0%
Short Documentary 1946 Indonesia Calling
0%
Theater 1935 Interference
0%
Theater 1935 Jimmy Sharman's Boxing Tent
0%
Short Documentary 1944 Jungle Patrol
0%
Theater 1936 Laughter of Fools
0%
Radio Series 1939 Lux Theatre of the Air
0%
Documentary 2011 Mad as Hell: Peter Finch
0%
Radio Play 1948 Man of Destiny
0%
Theater 1936 Married by Proxy
0%
Short Documentary 1956 Melbourne, Olympic City
0%
Radio Play 1939 Men in White
0%
Theater 1948 Midsummer Night
0%
Radio Play 1941 Mr. Deeds Comes to Town
0%
Film 1966 Murderers' Row
0%
Radio Play 1941 Mutiny on the Bounty
0%
Radio Play 1939 Night Nurse
0%
Theater 1944 Night of January 16th
0%
Theater 1951 Othello
0%
Theater 1938 Personal Appearance
0%
Theater 1934 Peter Pan
0%
Theater 1951 Point of Departure
0%
Documentary 1949 Primitive Peoples
0%
Radio Play 1946 Redemption
0%
Theater 1935 Richard of Bordeaux
0%
Theater 1952-1953 Romeo and Juliet
0%
Documentary 1945 Sons of the Anzacs
0%
Theater 1935 So This is Hollywood
0%
Short Film 1943 South West Pacific
0%
Radio Play 1946 Such Men Are Dangerous
0%
Theater 1936 Ten Minute Alibi
0%
Theater 1946 The Broken Pitcher
0%
Theater 1950 The Damascus Blade
0%
Radio Play 1939 The Daughter of the Dragon
0%
Short Film 1969 The Greatest Mother of Them All
0%
Theater 1952 The Happy Time
0%
Theater 1948 The Imaginary Invalid
0%
Theater 1952-1953 The Italian Straw Hat
0%
Radio Play 1939, 1946 The Laughing Woman
0%
Short Film 1935 The Magic Shoes
0%
Theater 1946 The Pastry Baker
0%
Documentary 1954 The Queen in Australia
0%
Theater 1934 The Ringer
0%
Theater 1964 The Seagull
0%
Short Film 1943 These Stars Are Mine
0%
Theater 1950 The White Falcon
0%
Film 1949 Train of Events
0%
Theater 1958-1959 Two for the Seesaw
0%
Theater 1936 Under the Big Top
0%
TV Show 1968 What's My Line?
0%
Radio Play 1946 When You Come Home
0%
Short Film 1943 While There is Still Time
0%
Theater 1944-1945 While the Sun Shines
0%
Theater 1938 White Cargo
0%
Film 1957 Wisdom's Way
0%
No matching quizzes found
Score Distribution
Percent of People with Each Score
Percentile by Number Answered
Your Score History
You have not taken this quiz since the last reset